000 00340 a2200169 4500
001 58679
020 _a8533602200
040 _cAnchieta - Pituba
100 _aSousa, Cruz e
240 1 0 _aMissal
_lpor
245 1 0 _aMissal
300 _a199
362 0 _a1993
440 1 _aMartins Fontes
650 4 _aPoesia portuguesa
942 _cBK
999 _c58679
_d58679